Embeddability and structure properties of real curves

Αποθηκεύτηκε σε:
Λεπτομέρειες βιβλιογραφικής εγγραφής
Κύριοι συγγραφείς: Nadler, Sam B., Quinn, Joseph (Συγγραφέας)
Μορφή: Βιβλίο
Γλώσσα:English
Δημοσίευση: Providence : American Mathematical Society, 1972.
Σειρά:Memoirs of the American Mathematical Society ; 125
Θέματα:
Ετικέτες: Προσθήκη ετικέτας
Δεν υπάρχουν, Καταχωρήστε ετικέτα πρώτοι!

MARC

LEADER 00000cam a2200000 i 4500
001 1/47666
008 941103s1972 riu ||| | eng||
020 |a 0821818252 
035 |l 10043124 
035 |a 1993 
040 |a GR-MyUA  |b gre  |e AACR2 
041 0 |a eng 
082 0 |a 514.32  
100 1 |a Nadler, Sam B. 
245 1 0 |a Embeddability and structure properties of real curves /   |c by Sam B. Nadler, Jr., and J. Quinn.  
260 |a Providence :   |b American Mathematical Society,   |c 1972.  
300 |a vi, 74 σ. :   |b εικ. ;   |c 26 εκ.  
490 1 |a (Memoirs of the American Mathematical Society   |v ; 125) 
504 |a Βιβλιογραφία: σ. 74 
650 0 0 |a Metric spaces. 
650 0 0 |a Continuity. 
650 0 0 |a Manifolds (Mathematics) 
650 0 0 |a Curves. 
650 0 0 |a Topological imbeddings. 
700 1 |a Quinn, Joseph,  |e aut 
830 0 |a Memoirs of the American Mathematical Society ;  |v  125 
852 |a INST  |b SAMOS  |e 19941103  |h 514.32 NAD  |p 005300002427  |q 005300002427  |t BK  |y 0 
909 |a Σ  |b 030961